Statystyki dla Czy znasz mistrzów największych lig w Europie? 2019/2020

Kliknij tutaj aby rozwiązać quiz!

Ogólne statystyki

  • Ten quiz został rozwiązany 424 razy
  • Średni wynik to 8 z 10

Statystyki odpowiedzi

Liga:Klub:% Poprawnych
Ligue 1PSG
99%
BundesligaBayern Monachium
95%
Premier LeagueLiverpool
92%
EkstraklasaLegia Warszawa
91%
La LigaReal Madryt
85%
Serie AJuventus
81%
Eredivisiebrak mistrza (Ajax/ AZ Alkmaar)
75%
Austriacka BundesligaRed Bull Salzburg
58%
Liga NOSFC Porto
49%
Priemjer-LigaZenit Petersburg
44%

Rozkład punktacji

Percentyl według liczby udzielonych odpowiedzi

Procent ludzi z każdym wynikiem

Twoja historia wyników

Nie rozwiązałeś tego quizu